Statistics for business and economics / (Record no. 4324)

MARC details
000 -LEADER
fixed length control field 01716nac a22004451i 4500
003 - CONTROL NUMBER IDENTIFIER
control field EG-ScBUE
005 - DATE AND TIME OF LATEST TRANSACTION
control field 20241126155943.0
006 - FIXED-LENGTH DATA ELEMENTS--ADDITIONAL MATERIAL CHARACTERISTICS--GENERAL INFORMATION
fixed length control field m||||fq||h 00| 0
008 - FIXED-LENGTH DATA ELEMENTS--GENERAL INFORMATION
fixed length control field 150816t1994 njua f b 001 0 eng d
020 ## - INTERNATIONAL STANDARD BOOK NUMBER
International Standard Book Number 0134491661
020 ## - INTERNATIONAL STANDARD BOOK NUMBER
International Standard Book Number 9780134491660
040 ## - CATALOGING SOURCE
Original cataloging agency EG-ScBUE
Language of cataloging eng
Description conventions rda
Transcribing agency EG-ScBUE
Modifying agency EG-ScBUE
082 04 - DEWEY DECIMAL CLASSIFICATION NUMBER
Classification number 519.5
Item number MCC
Edition number 22
100 1# - MAIN ENTRY--PERSONAL NAME
Personal name McClave, James T.,
Relator term author.
245 10 - TITLE STATEMENT
Title Statistics for business and economics /
Statement of responsibility, etc James T. McClave, info tech, Inc. University of Florida, P. George Benson, graduate school of management, Rutgers University.
250 ## - EDITION STATEMENT
Edition statement Sixth edition.
250 ## - EDITION STATEMENT
Edition statement International edition.
264 #1 - PUBLICATION, DISTRIBUTION, ETC. (IMPRINT)
Place of publication, distribution, etc Upper Saddle River, New Jersey :
Name of publisher, distributor, etc Macmillan Publishing Company,
Date of publication, distribution, etc [1994]
264 #4 - PUBLICATION, DISTRIBUTION, ETC. (IMPRINT)
Date of publication, distribution, etc c1994
300 ## - PHYSICAL DESCRIPTION
Extent xxii, 1192 pages :
Other physical details illustrations ;
Dimensions 25 cm +
Accompanying material 1 CD
336 ## - CONTENT TYPE
Source rdacontent
Content type term text
Content type code txt
336 ## - CONTENT TYPE
Source rdacontent
Content type term sounds
Content type code snd
337 ## - MEDIA TYPE
Media type term unmediated
Source rdamedia
Media type code n
337 ## - MEDIA TYPE
Media type term audio
Source rdamedia
Media type code s
338 ## - CARRIER TYPE
Carrier type term volume
Carrier type code nc
Source rdacarrier
338 ## - CARRIER TYPE
Carrier type term computer disc
Carrier type code cd
Source rdacarrier
500 ## - GENERAL NOTE
General note System requirements for computer disk: IBM-compatible PC; 512K RAM; DOS 2.0 or higher; two floppy disk drives or floppy disk drive and hard disk.
500 ## - GENERAL NOTE
General note Answer to selected exercises : p. 11159- 1174.
500 ## - GENERAL NOTE
General note Includes appendix.<br/>
504 ## - BIBLIOGRAPHY, ETC. NOTE
Bibliography, etc Includes bibliographical references and index.<br/>
590 ## - LOCAL NOTE (RLIN)
Local note Menna ELemam
650 #7 - SUBJECT ADDED ENTRY--TOPICAL TERM
Topical term or geographic name as entry element Commercial statistics.
Source of heading or term BUEsh
650 #7 - SUBJECT ADDED ENTRY--TOPICAL TERM
Topical term or geographic name as entry element Economics
General subdivision Statistical methods.
Source of heading or term BUEsh
650 #7 - SUBJECT ADDED ENTRY--TOPICAL TERM
Topical term or geographic name as entry element Statistics.
Source of heading or term BUEsh
651 ## - SUBJECT ADDED ENTRY--GEOGRAPHIC NAME
Source of heading or term BUEsh
653 ## - INDEX TERM--UNCONTROLLED
Resource For college BAEPS, Economics
Arrived date list August2015
655 ## - INDEX TERM--GENRE/FORM
Form subdivision Reading book
700 1# - ADDED ENTRY--PERSONAL NAME
Personal name Benson, P. George,
Dates associated with a name 1946-
Relator term author.
9 (RLIN) 37446
942 ## - ADDED ENTRY ELEMENTS (KOHA)
Koha item type Book - Borrowing
Source of classification or shelving scheme Dewey Decimal Classification
Holdings
Withdrawn status Lost status Source of classification or shelving scheme Damaged status Not for loan Collection code Home library Current library Shelving location Date acquired Source of acquisition Total Checkouts Total Renewals Full call number Barcode Date last seen Date checked out Price effective from Koha item type
    Dewey Decimal Classification     Baccah Central Library Central Library First floor 04/09/2007 Purchase 1 11 519.5 MCC 000005183 15/07/2025 07/04/2014 04/09/2007 Book - Borrowing